000 00289nam a22001337a 4500
008 170426b xxu||||| |||| 00| 0 eng d
020 _aX0003XZ38T
041 _aeng
080 _27TH
_a547
100 _a12
101 _aSHM
245 _aORGANIC CHEMISTRY
_cMCMURRY, J
942 _2udc
_cBK
999 _c12080
_d12080